ბათუმის შოთა რუსთაველის სახელმწიფო უნივერსიტეტის ბიბლიოთეკა

მატარებლები გადიან ხიდზე (ბიბ.ჩანაწერი № 42395)

000 -LEADER
fixed length control field 00735nam a2200241Ia 4500
001 - CONTROL NUMBER
control field 9091
003 - CONTROL NUMBER IDENTIFIER
control field GE_BSU
008 - FIXED-LENGTH DATA ELEMENTS--GENERAL INFORMATION
fixed length control field 181216s||||||||xx |||||||||||||| ||und||
040 ## - CATALOGING SOURCE
Transcribing agency GE_BSU
080 ## - UNIVERSAL DECIMAL CLASSIFICATION NUMBER
Universal Decimal Classification number 821.353.1-31
100 ## - MAIN ENTRY--PERSONAL NAME
Personal name ლაბაძე,გოგი
245 ## - TITLE STATEMENT
Title მატარებლები გადიან ხიდზე
245 ## - TITLE STATEMENT
Remainder of title რომანი
245 ## - TITLE STATEMENT
Statement of responsibility, etc. მხატვ:კ.ბანეთიშვილი
260 ## - PUBLICATION, DISTRIBUTION, ETC.
Place of publication, distribution, etc. თბილისი.
260 ## - PUBLICATION, DISTRIBUTION, ETC.
Name of publisher, distributor, etc. მერანი.
260 ## - PUBLICATION, DISTRIBUTION, ETC.
Date of publication, distribution, etc. 1968
300 ## - PHYSICAL DESCRIPTION
Extent 130გვ;17სმ.
300 ## - PHYSICAL DESCRIPTION
Other physical details პორტ.
653 ## - INDEX TERM--UNCONTROLLED
Uncontrolled term მატარებლები გადიან ხიდზე
653 ## - INDEX TERM--UNCONTROLLED
Uncontrolled term რომანი
942 ## - ADDED ENTRY ELEMENTS (KOHA)
Koha item type წიგნი
ეგზემპლარები
Withdrawn status Lost status Damaged status Not for loan Date acquired Barcode Date last seen Price effective from Koha item type Public note
        2018-12-17 31783 2018-12-17 2018-12-17 წიგნი  
        2018-12-17 41431 2018-12-17 2018-12-17 წიგნი აგრარული ტექ.ფაკ.
        2018-12-17 41354 2018-12-17 2018-12-17 წიგნი აგრარული ტექ.ფაკ.